| 000 | 00484nam a2200181Ia 4500 | ||
|---|---|---|---|
| 001 | 19602 | ||
| 003 | GE_BSU | ||
| 008 | 181216s||||||||xx |||||||||||||| ||und|| | ||
| 040 | _cGE_BSU | ||
| 245 | _aგადასახადები №2. 2016 cd. | ||
| 260 | _c2016 | ||
| 300 | _acd | ||
| 653 | _acd | ||
| 653 | _aგადასახადები №2. 2016 | ||
| 653 | _aდისკი | ||
| 653 | _aელექტრონული ჟურნალი | ||
| 942 | _cCF | ||
| 999 |
_c52578 _d52578 |
||